<?xml version="1.0" encoding="UTF-8"?>
<record
    xmlns:xsi="http://www.w3.org/2001/XMLSchema-instance"
    xsi:schemaLocation="http://www.loc.gov/MARC21/slim http://www.loc.gov/standards/marcxml/schema/MARC21slim.xsd"
    xmlns="http://www.loc.gov/MARC21/slim">

  <leader>00994nam a2200229   4500</leader>
  <controlfield tag="001">78386</controlfield>
  <controlfield tag="003">BD-RjUL</controlfield>
  <controlfield tag="005">20211209083126.0</controlfield>
  <controlfield tag="008">210915s1945    qi ||||| |||| 00| 0cara d</controlfield>
  <datafield tag="035" ind1=" " ind2=" ">
    <subfield code="a">(BD-RjUL) 78612</subfield>
  </datafield>
  <datafield tag="040" ind1=" " ind2=" ">
    <subfield code="a">BD-RjUL</subfield>
    <subfield code="b">eng</subfield>
    <subfield code="c">BD-RjUL</subfield>
  </datafield>
  <datafield tag="041" ind1=" " ind2=" ">
    <subfield code="a">eng</subfield>
  </datafield>
  <datafield tag="082" ind1=" " ind2=" ">
    <subfield code="2">23</subfield>
    <subfield code="a">297.36</subfield>
    <subfield code="b">REJ 1945</subfield>
  </datafield>
  <datafield tag="100" ind1=" " ind2=" ">
    <subfield code="a">Reda, muhammad Rashid ;; &#x631;&#x636;&#x627;,  &#x62D;&#x645;&#x62F; &#x631;&#x634;&#x64A;&#x62F;</subfield>
    <subfield code="d"> &#x661;&#x668;&#x666;&#x665;-&#x661;&#x669;&#x663;&#x665; </subfield>
    <subfield code="9">247951</subfield>
  </datafield>
  <datafield tag="245" ind1=" " ind2=" ">
    <subfield code="a">&#x630;&#x643;&#x631;&#x649; &#x627;&#x644;&#x645;&#x648;&#x644;&#x62F; &#x627;&#x644;&#x646;&#x628;&#x648;&#x64A; : &#x62E;&#x644;&#x627;&#x635;&#x629; &#x627;&#x644;&#x633;&#x64A;&#x631;&#x629; &#x627;&#x644;&#x646;&#x628;&#x648;&#x64A;&#x629; &#x648;&#x62D;&#x642;&#x64A;&#x642;&#x629; &#x627;&#x644;&#x62F;&#x639;&#x648;&#x629; &#x627;&#x644;&#x627;&#x633;&#x644;&#x627;&#x645;&#x64A;&#x629; ;; jikraa almawlid alnabawii : khulasat alsiyrat alnabawiat wahaqiqat aldaewat alaslamia /</subfield>
    <subfield code="c">&#x62A;&#x627;&#x644;&#x64A;&#x641; &#x645;&#x62D;&#x645;&#x62F; &#x631;&#x634;&#x64A;&#x62F; &#x631;&#x636;&#x627; ;; Muhammad Rashid Reza </subfield>
  </datafield>
  <datafield tag="260" ind1=" " ind2=" ">
    <subfield code="a">&#x627;&#x644;&#x642;&#x627;&#x647;&#x631;&#x629; : Cairo :</subfield>
    <subfield code="b">&#x645;&#x637;&#x628;&#x639;&#x629; &#x627;&#x644;&#x645;&#x646;&#x627;&#x631;&#x60C;;; Al Manar Press, </subfield>
    <subfield code="c">1995</subfield>
  </datafield>
  <datafield tag="300" ind1=" " ind2=" ">
    <subfield code="a">33 p. ;</subfield>
    <subfield code="c">24 cm</subfield>
  </datafield>
  <datafield tag="600" ind1=" " ind2=" ">
    <subfield code="a"> Mu&#x1E25;ammad,( S)</subfield>
    <subfield code="d">632</subfield>
    <subfield code="9">247955</subfield>
  </datafield>
  <datafield tag="650" ind1=" " ind2=" ">
    <subfield code="a"> Mu&#x1E25;ammad, </subfield>
    <subfield code="v"> Prophet,(s)</subfield>
    <subfield code="x">Biography</subfield>
    <subfield code="y">632.</subfield>
    <subfield code="9">247953</subfield>
  </datafield>
  <datafield tag="650" ind1=" " ind2=" ">
    <subfield code="a">mawlid al - nabawii</subfield>
    <subfield code="9">247956</subfield>
  </datafield>
  <datafield tag="942" ind1=" " ind2=" ">
    <subfield code="2">ddc</subfield>
    <subfield code="c">BK</subfield>
  </datafield>
  <datafield tag="999" ind1=" " ind2=" ">
    <subfield code="c">78386</subfield>
    <subfield code="d">78386</subfield>
  </datafield>
  <datafield tag="952" ind1=" " ind2=" ">
    <subfield code="0">0</subfield>
    <subfield code="1">0</subfield>
    <subfield code="2">ddc</subfield>
    <subfield code="4">0</subfield>
    <subfield code="7">1</subfield>
    <subfield code="8">NFIC</subfield>
    <subfield code="a">RUCL</subfield>
    <subfield code="b">RUCL</subfield>
    <subfield code="c">Reading</subfield>
    <subfield code="d">2021-09-15</subfield>
    <subfield code="l">0</subfield>
    <subfield code="o">A 297.36 REJ 1945</subfield>
    <subfield code="r">2021-09-15 00:00:00</subfield>
    <subfield code="t">C-1</subfield>
    <subfield code="w">2021-09-15</subfield>
    <subfield code="y">BK</subfield>
  </datafield>
</record>
